000 01645cam a2200349 4500
001 M1418
008 090401t1993 xxu||||| |||| 00| 0 eng d
035 _a(Sirsi) u31828
041 _aeng
050 _a690.2
090 _aRICS 1993/36ABC
110 _aRoyal Institution of Chartered Surveyors
_94900
245 _aBuilding Surveyors National Briefing 93: proceedings ... Friday 19 - Sunday 21 March 1993, University of Keele.
260 _aLondon
_bRICS Conferences
_c1993
300 _a154p. ; 30cm.
350 _a0
520 _aPapers: - Future work patterns: the feel of the unconstrained workplace./ STEELE, FRITZ - How we built./ EARL, JOHN - Curtain walling./ JOSEY, BARRY - Building surveyors` education./ MCWILLIAM, JOHN - Research: a virtual reality./ FEENAN, ROSEMARY - Dilapidations./ SMITH, PETER - Structural repairs of tall buildings in Hong Kong./ BATES, RAYMOND - Alternative dispute resolution in the United Kingdom construction industry./ FENN, PETER - Electro-chemical desalination of concrete./ RUSHTON, TREVOR - Radon in buildings./ MOLE, TREVOR - Contaminated land./ CAVE, ALAN.
650 _aALTERNATIVE DISPUTE RESOLUTION
650 _aALTERNATIVE DISPUTE RESOLUTION
650 _aBUILDING INDUSTRY
650 _aBUILT ENVIRONMENT-BUILDING INSPECTION
650 _aBUILDING SURVEYORS NATIONAL BRIEFING 93
650 _aCONTAMINATED LAND
650 _aCURTAIN WALLING
650 _aELECTRO-CHEMICAL DESALINATION
650 _aHISTORIC BUILDINGS
650 _aHONG KONG
650 _aTALL BUILDINGS
690 _aBUILT ENVIRONMENT-BUILDING INSPECTION
942 _n0
948 _c04/03/1997
999 _c89632
_d89632